Spoločenskou zodpovednosťou ku konkurencieschopnejšej firme

Trendy a uplatnenie spoločenskej zodpovednosti v praxi firiem. Potreba spoločenskej zodpovednosti firiem pri dosahovaní podnikových cieľov a konkurenčných výhod. Legislatíva a štandardy správania v rámci celej firmy podľa STN ISO 26000.

Enregistré dans:
Détails bibliographiques
Auteur principal: Németh, Hajnalka
Format: Chapitre de livre
Langue:slovaque
Sujets:
Tags: Ajouter un tag
Pas de tags, Soyez le premier à ajouter un tag!

MARC

LEADER 00000naa a2200000 4500
001 0226975
005 20231012072955.9
041 0 |a slo 
044 |a SK 
245 1 0 |a Spoločenskou zodpovednosťou ku konkurencieschopnejšej firme  |c Hajnalka Németh 
520 |a Trendy a uplatnenie spoločenskej zodpovednosti v praxi firiem. Potreba spoločenskej zodpovednosti firiem pri dosahovaní podnikových cieľov a konkurenčných výhod. Legislatíva a štandardy správania v rámci celej firmy podľa STN ISO 26000. 
610 2 0 |a zodpovednosť podniku spoločenská 
610 2 0 |a kultúra podnikania 
610 2 0 |a výhody konkurenčné 
610 2 0 |a ciele podnikové 
610 2 0 |a etika podnikateľská 
610 2 0 |a normy 
100 1 |a Németh, Hajnalka